000 00820nam a2200277Ia 4500
003 OSt
005 20221006153035.0
006 a|||||r|||| 00| 0
007 ta
008 221006b |||||||| |||| 00| 0 kor d
020 _a9788975990823
_cW9,000
024 _a31,108
037 _bGift, Korea Foundation
_cTextual
040 _aEASL
_cEASL
_bkor
041 _2kor
_akor
082 _aMY, P2
100 _aMIN Chun Ki etc. Ed.
_9662270
245 0 _aUndongkwa Konkang
260 _aChungnam
_bChhungnam Universtiy Publishing Department Korea
_c2002
300 _a278p.
_ccm.
490 _v KL
_aKyoyang Haksul Gyjea - Yesulgwa Cheyuk 5
650 _a KL
650 _aHealth play
_9662271
942 _hMY, P2
_cTEXL
_2CC
999 _c1099194
_d1099194